Ecotropica : (Registro nro. 16877)

Detalles MARC
000 -CABECERA
Campo de control 00715nas a22002173a 4500
005 - FECHA Y HORA DE LA ULTIMA TRANSACCION
Campo de control 20171115105530.0
008 - ELEMENTOS DE LONGITUD FIJA—INFORMACION GENERAL
Campo de control 980226c19959999gw u 0 0eng d
022 ## - ISSN
ISSN 0949-3026
040 ## - FUENTE DE CATALOGACIÓN
Agencia catalogadora original CO-BoIAVH
Agencia transcriptora CO-BoIAVH
041 0# - IDIOMA
Código de idioma para texto/pista de sonido o título separado Inglés
044 ## - PAÍS DE PUBLICACIÓN
País de publicación Alemania
090 ## - CLASIFICACIÓN LOCAL
Colección SE
245 00 - MENCION DE TITULO
Título Ecotropica :
Parte restante del título an international journal of tropical ecology
260 ## - PUBLICACION, DISTRIBUCION, ETC. (PIE DE IMPRENTA)
Lugar de publicación, distribución, etc. Bonn (Alemania) :
Nombre del editor, distribuidor, etc. German Society for Tropical Ecology
Fecha de publicación, distribución, etc. 1995.
300 ## - DESCRIPCION FISICA
Otros detalles físicos ilustraciones ;
Dimensiones 24 x 17 cm.
310 ## - FRECUENCIA ACTUAL DE LA PUBLICACIÓN
Frecuencia actual de la publicación Semestral
650 26 - ASIENTO SECUNDARIO DE MATERIA - TERMINO TEMATICO
Término temático o nombre geográfico como elemento de entrada Ecología
Subdivisión geográfica Zona tropical
Subdivisión de forma Publicaciones periódicas
9 (RLIN) 86944
650 24 - ASIENTO SECUNDARIO DE MATERIA - TERMINO TEMATICO
Término temático o nombre geográfico como elemento de entrada Ecología tropical
Subdivisión de forma Publicaciones periódicas
9 (RLIN) 86945
710 2# - ASIENTO SECUNDARIO - NOMBRE CORPORATIVO
Nombre corporativo o de jurisdicción como elemento de entrada Deutsche Gesellschaft für Tropenökologie
9 (RLIN) 86939
942 ## - ELEMENTOS ADICIONALES (KOHA)
Sistema de clasificación Local
Tipo de ítem Periodica o revista
Serial record 1
Existencias
Withdrawn status Lost status Sistema de Clasificación Damaged status No para préstamo Colección Fecha publicación (Año) Volumen revista Número revista Inventariado Ubicación Permanente Ubicación actual Fecha de adquisición Datos de publicación Seriada Total Checkouts Número topográfico Inventario / Código de Barras Date last seen Ejemplar Price effective from Forma de adquisición Tipo de material
    Local     Hemeroteca 1995 1 1 Inventariado 2017 Bogotá Bogotá 15/11/2017 Vol 1, No 1   SE 006994 15/11/2017 Ej. 1 15/11/2017 Donación Periodica o revista
    Local     Hemeroteca 1997 3 1 Inventariado 2017 Bogotá Bogotá 15/11/2017 Vol 3, No 1   SE 006998 15/11/2017 Ej. 1 15/11/2017 Donación Periodica o revista
    Local     Hemeroteca 1999 5 1 Inventariado 2017 Bogotá Bogotá 15/11/2017 Vol 5, No 1   SE 007000 15/11/2017 Ej. 1 15/11/2017 Donación Periodica o revista
    Local     Hemeroteca 1996 2 2 Inventariado 2017 Bogotá Bogotá 15/11/2017 Vol 2, No 2   SE 006997 15/11/2017 Ej. 1 15/11/2017 Donación Periodica o revista
    Local     Hemeroteca 1995 1 2 Inventariado 2017 Bogotá Bogotá 15/11/2017 Vol 1, No 2   SE 006995 15/11/2017 Ej. 1 15/11/2017 Donación Periodica o revista
    Local     Hemeroteca 1996 2 1 Inventariado 2017 Bogotá Bogotá 15/11/2017 Vol 2, No 1   SE 006996 15/11/2017 Ej. 1 15/11/2017 Donación Periodica o revista
    Local     Hemeroteca 1998 4 1-2 Inventariado 2017 Bogotá Bogotá 15/11/2017 Vol 4, Nros 1 - 2   SE 006999 15/11/2017 Ej. 1 15/11/2017 Donación Periodica o revista